NFL All-Time Team - Statistics

General Stats
  • This quiz has been taken 51 times
  • The average score is 55 of 110
Answer Stats
Teams Years Active Position Answer % Correct
DEN 1983-1998 QB John Elway
100%
NE/TB 2000- QB Tom Brady
100%
IND/DEN 1998-2015 QB Peyton Manning
98%
CLE 1957-1965 RB Jim Brown
95%
CLE/CIN 1946-1962, 1968-1975 Coach Paul Brown
95%
NYG 1953-1965 T Rosey Brown
95%
DEN/VEG 1963-1978 CB Willie Brown
95%
MIA 1983-1999 QB Dan Marino
93%
SF/KC 1979-1994 QB Joe Montana
93%
ATL/GB/NYJ/MIN 1991-2010 QB Brett Favre
90%
CHI 1975-1987 RB Walter Payton
90%
DET 1989-1998 RB Barry Sanders
88%
ATL/SF/DAL/WAS/BAL 1989-2000, 2004-2005 CB Deion Sanders
88%
BUF/WAS 1985-2003 DE Bruce Smith
85%
DAL/ARI 1990-2004 RB Emmitt Smith
85%
DAL 1969-1979 QB Roger Staubach
85%
SF/VEG/SEA 1985-2004 WR Jerry Rice
83%
IND/LAC 1956-1973 QB Johnny Unitas
80%
MIN/VEG/NE/TEN/SF 1998-2010, 2012 WR Randy Moss
80%
DAL 1975-1988 DT Randy White
80%
BAL 1996-2012 LB Ray Lewis
80%
PHI/GB/CAR 1985-2000 DE Reggie White
80%
HOU/NO 1978-1985 RB Earl Campbell
78%
PIT 1969-1981 DT Joe Greene
78%
ARI 2004- WR Larry Fitzgerald
78%
NYG 1981-1993 LB Lawrence Taylor
78%
CLE 1946-1955 QB Otto Graham
78%
NE/TB 2010-2018, 2020- TE Rob Gronkowski
78%
KC/ATL 1997-2013 TE Tony Gonzalez
78%
WAS 1983-2002 CB Darrell Green
76%
IND 1996-2008 WR Marvin Harrison
76%
CLE/NE 1991-1995, 2000- Coach Bill Belichick
73%
LAR/IND/VEG/ATL 1983-1993 RB Eric Dickerson
73%
WAS 1937-1952 QB Sammy Baugh
73%
BAL/HOU/NYJ 2002-2013 S Ed Reed
71%
BUF/SF 1969-1979 RB O.J. Simpson
71%
SEA 1976-1989 WR Steve Largent
71%
NE/IND 1996- K Adam Vinatieri
68%
CHI/ATL/BAL/SEA 2006-2016 KR Devin Hester
68%
CHI 1965-1971 RB Gale Sayers
68%
DAL/SF 1994-2007 G Larry Allen
66%
CHI/PHI/DAL 1961-1972 TE Mike Ditka
66%
GB/WAS 1959-1967, 1969 Coach Vince Lombardi
63%
CIN 1980-1992 T Anthony Munoz
61%
TB 1995-2008 LB Derrick Brooks
61%
PIT/SF/BAL/OAK 1987-2003 CB Rod Woodson
59%
LAR/LAC/WAS 1961-1974 DE Deacon Jones
56%
SEA 1997-2009 T Walter Jones
56%
CHI 1965-1973 LB Dick Butkus
54%
LAC 1979-1987 TE Kellen Winslow
54%
IND/MIA 1963-1995 Coach Don Shula
51%
SF/VEG/NYJ 1981-1994 S Ronnie Lott
51%
GB 1935-1945 WR Don Hutson
49%
PIT 1974-1984 LB Jack Lambert
49%
BAL 1996-2007 T Jonathan Ogden
46%
DAL 1960-1988 Coach Tom Landry
46%
TEN 1983-2001 G Bruce Matthews
44%
PIT 1969-1991 Coach Chuck Noll
44%
CHI 1920-1967 Coach George Halas
44%
LAC/MIA/NE 1990-2009 LB Junior Seau
44%
PIT 1970-1983 CB Mel Blount
44%
SF 1979-1988 Coach Bill Walsh
41%
PIT 1971-1982 LB Jack Ham
41%
NE 1973-1985 G John Hannah
41%
LAC/DAL 1962-1972 WR Lance Alworth
41%
MIN/CHI 1967-1981 DT Alan Page
39%
MIN/SEA 1990-2003 DT John Randle
39%
IND 1955-1967 WR Raymond Berry
39%
WAS 1981-1992, 2004-2007 Coach Joe Gibbs
37%
TB 1976-1984 DE Leeroy Selmon
37%
VEG 1973-1986 P Ray Guy
37%
PIT/KC 1974-1990 C Mike Webster
34%
DAL 1961-1974 DT Bob Lilly
32%
IND/LAC 1963-1972 TE John Mackey
32%
CLE/MIA 1964-1977 WR Paul Warfield
32%
PHI 1949-1962 LB Chuck Bednarik
29%
ARI 1960-1972 S Larry Wilson
29%
VEG/HOU 2000-2017 P Shane Lechler
29%
KC 1963-1974 LB Bobby Bell
27%
GB/ARI/WAS 1919-1953 Coach Curly Lambeau
27%
VEG 1967-1981 G Gene Upshaw
27%
LAR 1962-1976 DT Merlin Olsen
27%
VEG 1968-1982 T Art Shell
24%
MIA 1980-1987 C Dwight Stephenson
24%
LAR 1949-1957* WR Elroy Hirsch
24%
GB/DAL 1956, 1958-1971 T Forrest Gregg
22%
VEG 1960-1974 C Jim Otto
22%
NE/VEG 1976-1989 CB Mike Haynes
22%
MIN/TB 1988-2001 G Randall McDaniel
20%
IND 1956-1967 RB Lenny Moore
17%
PHI 1944-1951 RB Steve Van Buren
17%
IND/GB/VEG 1969-1983 LB Ted Hendricks
17%
LAR/ARI/DET 1952-1965 CB Dick Lane
15%
KC/GB/MIN 1967-1985 K Jan Stenerud
15%
CLE/PIT 1946-1953, 1955 RB Marion Motley
15%
KC 1967-1977 LB Willie Lanier
15%
KC 1963-1975 DT Buck Buchanan
12%
DAL/IND 1952-1964, 1966 DE Gino Marchetti
12%
DET 1953-1965 LB Joe Schmidt
12%
TEN/WAS 1967-1980 S Ken Houston
12%
CLE/CHI/NO 1953-1969 DE Doug Atkins
10%
IND 1957-1967 G Jim Parker
10%
DET 1931-1938 RB Dutch Clark
7%
NYG/GB 1948-1961 S Emlen Tunnell
7%
NYG 1931-1945 C Mel Hein
7%
CHI/PHI/STE 1932-1939, 1943 DE Bill Hewitt
5%
TEN/ATL/WAS 1974-1988 PR Billy Johnson
5%
NYG/GB/PIT 1927-1933, 1935-1936 T Cal Hubbard
5%
CHI 1936-1943 G Dan Fortmann
5%
DET 1951-1958 S Jack Christiansen
5%
No matching quizzes found
Score Distribution
Percent of People with Each Score
Percentile by Number Answered
Your Score History
You have not taken this quiz